| 000 | 00806nam a2200229Ia 4500 | ||
|---|---|---|---|
| 003 | GCL | ||
| 008 | 140319s9999 xx 000 0 ara d | ||
| 040 |
_aGCL / _cGCL |
||
| 082 | 0 | 4 |
_a327.730569 _bك و |
| 100 | 1 | _aكميل منصور | |
| 245 | 1 | 0 |
_aالولايات المتحدة الاميريكية واسرائيل: العروة الاوثق / _cكميل منصور |
| 700 | 1 | _aحسنى زينة | |
| 700 | 1 | _aنصير مروة | |
| 300 | _a355 ص | ||
| 490 |
_aالهيئة العامة للاستعلامات _v0 |
||
| 650 | 0 | 4 | _aالعلاقات الدولية |
| 650 | 0 | 4 | _aالعلاقات الخارجية |
| 650 | 0 | 4 | _aاسرائيل - العلاقات الخارجية |
| 650 | 0 | 4 | _aامريكيا - |
| 650 | 0 | 4 | _aامريكيا -العلاقات الخارجية |
| 942 |
_2ddc _cBK |
||
| 999 |
_c51792 _d51792 |
||